[Event "URS-ch55"]
[Site "Moscow"]
[Date "1988.07.??"]
[Round "10"]
[White "Kasparov, Garry"]
[Black "Kharitonov, Andrei Y"]
[Result "1-0"]
[WhiteElo "2760"]
[BlackElo "2550"]
[Annotator "ChessBase"]
[PlyCount "69"]
[EventDate "1988.07.??"]
[EventType "tourn"]
[EventRounds "17"]
[EventCountry "URS"]
[EventCategory "14"]
[SourceTitle "URS-ch"]
[Source "ChessBase"]
[SourceDate "1999.07.01"]
[SourceVersion "1"]
[SourceVersionDate "1999.07.01"]
[SourceQuality "1"]

1. e4 e6 2. d4 d5 3. Nd2 c5 4. Ngf3 Nf6 5. exd5 exd5 6. Bb5+ Bd7 7. Bxd7+ Nbxd7
8. O-O Be7 9. dxc5 Nxc5 10. Nd4 Qd7 11. Qf3 O-O 12. N2b3 Nce4 13. Qf5 Rfd8 (
13... Rfc8 14. Re1 Bf8 15. c3 Nd6 16. Qxd7 Nxd7 {Fogarasi,T-Horvath,C/Slofok/
1990/1/2-1/2/}) 14. Re1 Bf8 15. c3 Qxf5 16. Nxf5 g6 17. Ne3 Re8 18. Rd1 Nc5 19.
g4 $1 $16 h6 20. h4 Nxb3 21. axb3 Bc5 22. g5 hxg5 23. hxg5 Ne4 24. Ng4 Bb6 25.
Kg2 Kg7 26. Bf4 Rad8 27. f3 Nc5 28. b4 Nb3 29. Ra3 Re2+ 30. Kg3 Rxb2 31. c4 Re8
32. c5 Bd8 33. Rxa7 Ree2 34. Rxd5 Be7 35. Rxb7 1-0

[Event "Bayamo"]
[Site "Bayamo"]
[Date "1984.??.??"]
[Round "?"]
[White "Alzate, Dario"]
[Black "Lebredo Zaragoitia, Gerardo"]
[Result "0-1"]
[WhiteElo "2390"]
[BlackElo "2375"]
[Annotator "ChessBase"]
[PlyCount "58"]
[EventDate "1984.02.??"]
[EventType "tourn"]
[EventRounds "13"]
[EventCountry "CUB"]
[EventCategory "8"]
[SourceTitle "MCL"]
[Source "ChessBase"]
[SourceDate "1999.07.01"]
[SourceVersion "1"]
[SourceVersionDate "1999.07.01"]
[SourceQuality "1"]

1. e4 e6 2. d4 d5 3. Nd2 a6 4. Ngf3 c5 5. exd5 exd5 6. dxc5 Bxc5 7. Nb3 Ba7 8.
Bd3 Qe7+ 9. Be2 (9. Qe2 Nc6 10. Bg5 Qxe2+ 11. Kxe2 $14) 9... Nf6 10. O-O O-O
11. Bg5 h6 (11... Nc6 12. Bh4 $1) 12. Bh4 (12. Bxf6 Qxf6 13. c3 Rd8 $13) 12...
g5 13. Bg3 Ne4 14. Bxb8 Rxb8 15. Qxd5 $2 (15. Nfd4 Qf6 16. c3 Bd7 17. Bg4 Bxg4
18. Qxg4 Rbe8 19. Rad1 Nd6 20. Qf3 Qxf3 21. Nxf3 Re2 22. Rd2 Rfe8 $13) 15...
Rd8 $5 (15... Nxf2 16. Rxf2 Qxe2 17. Nbd4 Be6 $17) 16. Qa5 (16. Qe5 Qxe5 17.
Nxe5 Nxf2 18. Rxf2 Re8 19. Nd3 Rxe2 20. Kf1 Rxf2+ 21. Nxf2 Be6 $17) 16... g4
17. Qe5 (17. Ne5 b6 18. Nc6 Qe8 $19) 17... Qxe5 18. Nxe5 g3 $1 (18... Nxf2 19.
Rxf2 Re8 20. Nxg4 Rxe2 21. Kf1 $14) 19. hxg3 Re8 20. Nxf7 (20. Nd3 Nxg3 $19) (
20. Ng4 h5 21. Ne3 Nxg3 $17) 20... Be6 (20... Kxf7 21. Bh5+ $16) (20... Nxf2 $6
21. Bh5 $13) 21. Nxh6+ Kg7 22. Bd3 (22. Ng4 Nxg3 23. Bf3 Rh8 24. Nh2 Rxh2 $1
25. Kxh2 Rh8+ 26. Kxg3 Bb8#) 22... Nxf2 $1 23. Nf5+ (23. Rxf2 Rf8 24. Raf1 Rxf2
25. Rxf2 Rf8 $19) 23... Bxf5 24. Rxf2 Rf8 (24... Bxd3 25. cxd3 Rf8 26. d4 $18)
25. Raf1 Bg4 $1 26. Nd2 Rbe8 $1 27. Nf3 (27. Ne4 Re5 {/\ Rh5}) 27... Rxf3 $3
28. gxf3 Bxf3 29. Bf5 Rh8 0-1

[Event "World-ch28 Karpov-Kortschnoj +6-5=21"]
[Site "Baguio City"]
[Date "1978.08.24"]
[Round "16"]
[White "Karpov, Anatoly"]
[Black "Kortschnoj, Viktor Lvovich"]
[Result "1/2-1/2"]
[WhiteElo "2725"]
[BlackElo "2665"]
[Annotator "ChessBase"]
[PlyCount "84"]
[EventDate "1978.07.18"]
[EventType "match"]
[EventRounds "32"]
[EventCountry "PHI"]
[SourceTitle "MainBase"]
[Source "ChessBase"]
[SourceDate "1999.07.01"]
[SourceVersion "2"]
[SourceVersionDate "1999.07.01"]
[SourceQuality "1"]

1. e4 e6 2. d4 d5 3. Nd2 c5 4. exd5 exd5 5. Bb5+ Bd7 6. Qe2+ Qe7 7. Bxd7+ Nxd7
8. dxc5 Nxc5 9. Nb3 Qxe2+ 10. Nxe2 Nxb3 (10... Na4 11. Nbd4 O-O-O 12. b3 Nc5
13. f3 Ne7 14. Bb2 Nc6 15. O-O-O Rg8 16. Kb1 {Gipslis,A-Furman,S USSR-ch37
Moscow 1969 1/4-1/4}) 11. axb3 Bc5 12. Bd2 $1 (12. Nc3 $1) 12... Ne7 13. Nf4
$14 {(Mednis 81) "Karpov has prepared this move with several leading experts,
so I cannot bring myself to put a question mark." (Larsen 78)} (13. Bc3 O-O 14.
O-O Nc6 15. Rfd1 Rfd8 16. Kf1 d4 17. Be1 {Matanovic,A-Ivkov,B Madonna di
Campiglio 1973 1/4-1/4}) 13... O-O 14. O-O $6 (14. Nd3 $142 $1 Bb6 15. Bb4 $1
Rfe8 16. Bxe7 Rxe7+ 17. Kd2 $36 {(Filip 78, Mednis 81)}) 14... Rfd8 15. Nd3 Bb6
$10 {(Filip 78)} 16. c3 {"White forestalls the advance of the d-pawn, which he
could now meet by 17 c4; however, it is hard to discern any advantage for him.
The active placement of Black's pieces renders the weakness of this d-pawn
insignificant." (Tal 78)} f6 (16... d4 17. c4) 17. Rfd1 Kf7 18. Kf1 Nf5 $6 (
18... Nc6 $5 $10 {(Tal 78, Keene 78, Mednis 81)}) (18... Rd7 $5 {(Tal 78,
Filip 78)}) 19. Be1 $1 Ne7 20. Nb4 $1 Rd7 21. Rd3 Rad8 22. Rad1 $14 {(Filip 78)
} Ke6 23. Bd2 $1 {"White's pieces unhurriedly take up good positions. Karpov's
plans include an exchange of bishops, since the resulting endgame holds out
some prospects for him." (Tal 78)} (23. f3 Nc6 $10 {(Filip 78)}) (23. f4 $5 Nf5
24. Nc2 $14 {(Filip 78)}) 23... Nc6 {"At this stage I thought Black had
comfortable equality, but my optimism was dispelled by Karpov's next few moves.
By impressively accurate play he main- tained his grip and lured Black's rook
to the horribly passive square QN3." >>} 24. Nxc6 {>>(Keene 78)} (24. Nc2 Ne5
25. Rh3 h6 26. Be3 $14 {(Filip 78)}) 24... bxc6 25. b4 $1 Kf7 (25... c5 $142 $5
{(Tal 78)}) 26. Be3 $1 Bxe3 27. Rxe3 Rb8 28. Re2 Rb5 29. Ra1 Rdb7 30. Rd2 Ke6
31. Ra6 {"Before putting his rook on the second rank, White wins a very
important tempo against the possible ... c6-c5." (Tal 78)} R5b6 32. Ra2 Kd6 33.
Ke2 Re7+ 34. Kd3 a6 $6 {"Being short of time, Black commits one of the most
typical time pressure [mistakes]: making unnecessary pawn moves. On a6 the
pawn is at least as vulnerable as on a7 and it reduces the rook on b6 to
passive defense." (EM 81)} 35. Rd1 $6 {"Karpov tried to blitz an opponent in
time trouble, which probably brought on this oversight." (Tal 78)} (35. Re2
$142 $1 {"... swapping Black's active rook and leaving him with the miserable
beast on QN3." (Keene 78)} Rxe2 36. Kxe2 c5 (36... d4 37. Ra5 $1) 37. bxc5+
Kxc5 38. Kd3 $16 {(Mednis 81)}) (35. g3 $142 {(Keene 78)}) 35... Kc7 36. Raa1
$6 (36. Rda1 $142 Kb7 37. Ra4 $1 {(Keene 78, Mednis 81)}) 36... Kd8 37. f3 (37.
Re1 Rxe1 38. Rxe1 a5 $10 {(Filip 78)}) (37. b3 $1 Re5 38. f4 Re4 39. g3 $14 {
(Tal 78, Filip 78)}) 37... Re5 $1 38. Kd4 Kc7 $1 $10 (38... Re2 39. Re1 Rxg2
40. Kc5 {"... too dangerous." (Larsen 78)}) 39. Re1 Kd6 $10 {(Mednis 81)} 40.
f4 (40. h4 $142 {(Larsen 78)}) 40... Rxe1 41. Rxe1 a5 $1 42. bxa5 Rxb2 (42...
Rxb2 43. Ra1 c5+ 44. Ke3 (44. Kd3 Rb7 45. a6 Ra7 46. c4 d4 47. Ra5 Kc6 48. g3
Kb6 $10 {Keene}) 44... Kc7 45. a6 Kb8 46. Ra5 Rxg2 47. Rxc5 Rxh2 48. Rxd5 Rg2
49. Kf3 Rg1 50. Kf2 Rg4 51. Kf3 $10 {Tal}) 1/2-1/2

[Event "Montreal International"]
[Site "Montreal"]
[Date "1979.04.19"]
[Round "7"]
[White "Tal, Mihail"]
[Black "Karpov, Anatoly"]
[Result "1/2-1/2"]
[WhiteElo "2615"]
[BlackElo "2705"]
[Annotator "ChessBase"]
[PlyCount "25"]
[EventDate "1979.04.11"]
[EventType "tourn"]
[EventRounds "18"]
[EventCountry "CAN"]
[EventCategory "15"]
[SourceTitle "MCL"]
[Source "ChessBase"]
[SourceDate "1999.07.01"]
[SourceVersion "1"]
[SourceVersionDate "1999.07.01"]
[SourceQuality "1"]

1. d4 e6 2. e4 d5 3. Nd2 c5 4. exd5 exd5 5. Bb5+ Bd7 6. Qe2+ Be7 7. dxc5 Nf6 8.
Nb3 O-O 9. Be3 Re8 10. Nf3 a6 11. Bxd7 (11. Bd3 $1 {Tal,M-Portisch,L/Montreal 
(15)/1979/}) 11... Nbxd7 12. O-O Nxc5 13. Nfd4 1/2-1/2

[Event "Interzonal-15"]
[Site "Manila"]
[Date "1990.??.??"]
[Round "1"]
[White "Juarez Flores, Carlos Armando"]
[Black "Lputian, Smbat G"]
[Result "0-1"]
[WhiteElo "2425"]
[BlackElo "2575"]
[Annotator "ChessBase"]
[PlyCount "44"]
[EventDate "1990.06.29"]
[EventType "swiss"]
[EventRounds "13"]
[EventCountry "PHI"]
[SourceTitle "CBM 019"]
[Source "ChessBase"]
[SourceDate "1990.12.01"]
[SourceVersion "1"]
[SourceVersionDate "1990.12.01"]
[SourceQuality "1"]

1. e4 e6 2. d4 d5 3. Nd2 c5 4. exd5 exd5 5. Ngf3 Nc6 6. Be2 Nf6 7. O-O cxd4 8.
Nb3 Be7 9. Nfxd4 O-O 10. Bf4 Ne4 11. Nb5 Be6 12. Bf3 Rc8 13. Bxe4 dxe4 14. Nd6
Bxd6 15. Bxd6 Re8 16. c3 Qb6 17. Ba3 Ne5 18. Nd4 Rcd8 19. Re1 Bg4 20. Qb3 Qg6
21. Kh1 Nd3 22. Rf1 Rxd4 (22... Rxd4 23. cxd4 Bf3 $1 24. gxf3 (24. Rg1 Nxf2#)
24... exf3 25. Rg1 Nxf2#) 0-1

[Event "Chalkidiki"]
[Site "Chalkidiki"]
[Date "1992.??.??"]
[Round "9"]
[White "Kotronias, Vasilios"]
[Black "Psakhis, Lev"]
[Result "1/2-1/2"]
[WhiteElo "2550"]
[BlackElo "2570"]
[Annotator "ChessBase"]
[PlyCount "123"]
[EventDate "1992.09.??"]
[EventType "tourn"]
[EventRounds "11"]
[EventCountry "GRE"]
[EventCategory "14"]
[SourceTitle "CBM 032"]
[Source "ChessBase"]
[SourceDate "1993.02.01"]
[SourceVersion "1"]
[SourceVersionDate "1993.02.01"]
[SourceQuality "1"]

1. e4 e6 2. d4 d5 3. Nd2 c5 4. Ngf3 Nf6 5. exd5 exd5 6. Bb5+ Bd7 7. Bxd7+ Nbxd7
8. O-O Be7 9. dxc5 Nxc5 10. Nb3 Nce4 11. Nfd4 Qd7 12. Qf3 O-O 13. Nf5 Bd8 14.
Be3 g6 15. Ng3 Re8 16. c3 a5 17. Nd4 Ra6 18. Rad1 Ng4 19. Nc2 Rf6 20. Qxe4 $8 (
20. Bf4 Ng5 $1 21. Bxg5 Rxf3 22. gxf3 Nxf2 $19) (20. Qe2 Nexf2 $1 $19) 20...
Rxe4 21. Nxe4 Re6 22. Ng3 Bc7 $1 (22... Re8 23. Bf4 $5) 23. c4 (23. Rd4 Re8 24.
Rfd1 Bxg3 25. hxg3 Qf5 $19) 23... Re8 $1 (23... Qe7 24. cxd5 Qh4 25. Rfe1 $1 (
25. h3 Rxe3 26. fxe3 Bxg3 27. d6 Bf2+ 28. Kh1 Qg3) 25... Qxh2+ 26. Kf1) 24.
Rxd5 (24. cxd5 Bxg3 25. hxg3 Qf5 26. Rd2 Qh5 27. Re1 Qh2+ 28. Kf1 Qh1+ 29. Ke2
Qxg2 $19) 24... Qa4 25. Rd2 Qxc4 $4 (25... Qxa2 26. Na3 Nxe3 27. fxe3 Bb6 $19)
26. b3 $15 Qc3 27. Rfd1 Nxe3 28. Nxe3 Rxe3 $138 29. fxe3 Qxe3+ 30. Kh1 (30. Kf1
$2 Bb6 $19) 30... Bxg3 31. Rd3 $1 (31. hxg3 Qxg3 $19) 31... Qe2 32. hxg3 Qxa2
33. Re1 $2 (33. Rf3 $1 a4 34. bxa4 Qxa4 35. Rb1 $10) 33... b5 34. Ree3 Qc2 35.
Kh2 Qc5 36. Rf3 Qh5+ 37. Kg1 Qc5+ 38. Kh2 Qc6 (38... h5 39. Rd7) 39. Rc3 Qb7
40. Rfe3 h5 41. Re5 a4 42. bxa4 bxa4 43. Ree3 Kg7 44. Rf3 Qa7 (44... f5 45. Rf4
$1 Qb2 46. Rc7+ $10) 45. Ra3 g5 $8 46. Rf5 Kg6 47. Rb5 h4 48. Rb4 (48. gxh4 $5)
48... hxg3+ 49. Kxg3 Qg1 (49... Qc7+ 50. Kh3 $1 (50. Kf3 $2 Qc6+ 51. Kg3 Qd6+
$19) 50... f5 51. g4 $1 $8 fxg4+ (51... f4 52. Rbxa4 Qc1 53. Ra6+ Kf7 54. Ra7+
Ke6 55. R7a6+ Kd5 56. R6a5+ $10) 52. Rxg4 Qd7 53. Raxa4 Kh5 54. Kh2 $5 Qxg4
$140 55. Rxg4 Kxg4 56. Kg2 $10) 50. Rbxa4 f5 51. Ra1 $1 f4+ (51... Qe3+ 52. Kh2
g4) 52. Kh3 Qf2 53. Ra6+ Kh5 54. Kh2 f3 55. R6a2 Qh4+ 56. Kg1 Qd4+ 57. Kf1 Qd3+
58. Kf2 fxg2 59. Kxg2 Qe4+ 60. Kg1 g4 61. Rh2+ Kg6 62. Ra6+ 1/2-1/2

[Event "Montreal International"]
[Site "Montreal"]
[Date "1979.05.01"]
[Round "15"]
[White "Hort, Vlastimil"]
[Black "Karpov, Anatoly"]
[Result "1/2-1/2"]
[WhiteElo "2600"]
[BlackElo "2705"]
[Annotator "ChessBase"]
[PlyCount "26"]
[EventDate "1979.04.11"]
[EventType "tourn"]
[EventRounds "18"]
[EventCountry "CAN"]
[EventCategory "15"]
[SourceTitle "MCL"]
[Source "ChessBase"]
[SourceDate "1999.07.01"]
[SourceVersion "1"]
[SourceVersionDate "1999.07.01"]
[SourceQuality "1"]

1. e4 c5 2. Nf3 e6 3. c3 d5 4. exd5 (4. e5 Nc6 (4... d4 $5) 5. d4 {French})
4... exd5 5. d4 Nf6 6. Be2 (6. Bb5+) (6. Bg5 c4 (6... Be7)) 6... Be7 7. O-O (7.
dxc5) 7... O-O 8. dxc5 Bxc5 9. Bg5 Be7 10. Nbd2 Nc6 11. Nb3 Re8 12. Re1 Bg4 (
12... h6) 13. Qc2 Qd7 1/2-1/2

[Event "World Team-ch01"]
[Site "Luzern"]
[Date "1985.11.19"]
[Round "3.6"]
[White "Renet, Olivier"]
[Black "Chernin, Alexander"]
[Result "0-1"]
[WhiteElo "2375"]
[BlackElo "2495"]
[Annotator "ChessBase/Chernin,A"]
[PlyCount "68"]
[EventDate "1985.11.16"]
[EventType "team-tourn"]
[EventRounds "9"]
[EventCountry "SUI"]
[SourceTitle "MCD"]
[Source "ChessBase"]
[SourceDate "1999.07.01"]
[SourceVersion "1"]
[SourceVersionDate "1999.07.01"]
[SourceQuality "1"]
[WhiteTeam "France"]
[BlackTeam "Soviet Union"]
[WhiteTeamCountry "FRA"]
[BlackTeamCountry "URS"]

{40/352} 1. e4 e6 2. d4 d5 3. Nd2 a6 4. Ngf3 c5 5. exd5 exd5 6. dxc5 Bxc5 7.
Nb3 Be7 8. Be2 (8. Bd3 {- 40/(352)}) 8... Nf6 9. O-O O-O 10. Bg5 (10. Nfd4 $5 {
- 40/(352)}) (10. Bf4 $5 $14) 10... Nc6 11. Re1 h6 12. Bh4 (12. Bf4 $5) 12...
g5 $1 13. Bg3 Ne4 14. Bd3 Bf6 $1 (14... f5 15. c4 $1 $16) 15. c3 Bg7 16. Nfd4 (
16. Bxe4 $2 dxe4 17. Rxe4 $2 Qxd1+ 18. Rxd1 f5 $19) 16... f5 17. Bxe4 dxe4 18.
Nxc6 bxc6 19. Bd6 Re8 20. Nc5 Kh7 $5 (20... Be6 $11) 21. h4 $1 Kg6 $5 (21...
gxh4 22. Bf4 Qe7 23. Qh5 $16) 22. Re3 (22. f3 $142) 22... gxh4 (22... Qf6 $1 {
/\ Rd8, Bf8-/+}) 23. f3 $5 Qg5 24. Qd2 (24. f4 $5 $15) 24... exf3 $5 (24... Kh7
$1 25. fxe4 Rd8 {(/\ Rd6)} 26. Rd3 $8 (26. e5 Bxe5) 26... fxe4 $1 27. Nxe4 (27.
Qxg5 hxg5 28. Nxe4 Kg6 {/\ Bf5}) 27... Qg6 {/\ Bf5-/+}) 25. Bf4 $1 Rd8 $1 (
25... Qxf4 $2 26. Re6+ $18) 26. Nd3 $8 Qxg2+ 27. Qxg2+ fxg2 28. Rae1 a5 $1 (
28... Ra7 29. Nb4) 29. R1e2 Ra7 30. Ne5+ Bxe5 (30... Kh7 $5 31. Nxc6 $140 Rd1+
32. Kxg2 Bb7) 31. Bxe5 (31. Rxg2+ $142 Kh5 $17) 31... f4 $1 32. Rxg2+ (32. Bxf4
h3) 32... Kf5 33. Rf2 Rd1+ $1 34. Kg2 h3+ $1 (34... h3+ 35. Kh2 (35. Kxh3 Kg6+
$19) (35. Rxh3 Kxe5 $19) 35... Rd2 $1 36. Rxd2 fxe3 $19) 0-1

[Event "Skopje Solidarnost-06"]
[Site "Skopje"]
[Date "1976.02.29"]
[Round "1"]
[White "Karpov, Anatoly"]
[Black "Vaganian, Rafael A"]
[Result "1-0"]
[WhiteElo "2695"]
[BlackElo "2550"]
[Annotator "ChessBase/Karpov"]
[PlyCount "79"]
[EventDate "1976.02.29"]
[EventType "tourn"]
[EventRounds "15"]
[EventCountry "YUG"]
[EventCategory "10"]
[SourceTitle "MCD"]
[Source "ChessBase"]
[SourceDate "1999.07.01"]
[SourceVersion "1"]
[SourceVersionDate "1999.07.01"]
[SourceQuality "1"]

1. e4 e6 2. d4 d5 3. Nd2 c5 4. exd5 exd5 5. Ngf3 a6 6. dxc5 {A simplifying
continuation} (6. Be2 c4 {is more complex}) 6... Bxc5 7. Nb3 Bb6 8. Bd3 Ne7 9.
O-O Nbc6 10. Re1 Bg4 11. c3 (11. Be3 d4 $1 $11) 11... h6 (11... O-O 12. Bxh7+
Kxh7 13. Ng5+ $16) 12. h3 Bh5 13. Be3 {The exchange of the black-squared
bishops will weaken the black squares of Black. Mention, that already three
Black's pawns stay on white squares.} O-O (13... d4 $2 14. Nbxd4 Bxd4 15. Bxd4
Nxd4 16. cxd4 Bxf3 17. Qxf3 Qxd4 18. Rad1 $18) (13... Bc7 $6 14. g4 $1 Bg6 15.
Bxg6 fxg6 16. Nc5 $16) 14. Bxb6 $14 Qxb6 15. Qe2 (15. Bc2 $5 {/\ Qd3}) 15...
Rfd8 16. Rad1 (16. Qe3 Qxe3 17. Rxe3 Bxf3 18. Rxf3 d4 19. cxd4 Nxd4 20. Nxd4
Rxd4 $11) 16... a5 17. Bb1 {Karpov: !} ({Even} 17. g4 Bg6 18. Qe3 {looks
interesting with the same idea mentoned already at move 13.}) 17... Bxf3 $1 (
17... a4 $2 18. Nbd4 Nxd4 19. Rxd4 Nc6 20. Rxd5 $1 $16 Rxd5 $2 21. Qe8+ Rxe8
22. Rxe8#) 18. Qxf3 a4 19. Nd4 Qxb2 20. Nxc6 (20. h4 {Looks interesting} Re8 (
20... Nxd4 21. cxd4 Nc6 22. Qf5 g6 23. Qf6 $18) 21. h5 Nxd4 22. cxd4 Rac8 (
22... Qb5 23. Re5 a3 24. Rde1) 23. g3 Qc3 24. Re3 Qc6 25. Qe2 $14) 20... Nxc6
21. Qf5 $1 {Karpov} g6 22. Qf6 $1 {Karpov: +/-} Rd7 (22... Re8 23. Bxg6 fxg6
24. Qxg6+ Kf8 25. Qf6+ Kg8 26. Re6 $18) 23. Bf5 {[#]} (23. Re3 Qa3 $1 (23...
Qb6 $2 24. Bxg6 $1 fxg6 25. Rde1 Qd8 26. Qxg6+ $18) 24. Rde1 Qf8 $1) 23... Re7
$2 (23... gxf5 {Karpov: ?} 24. Rd3 $1 f4 (24... Ne7 25. Rxe7 $18) 25. Qxf4 {[#]
} Qc2 (25... f6 $145 $1 $11 26. Qxf6 (26. Rg3+ Rg7 27. Qxf6 Rxg3 28. fxg3 Qd2
$11) 26... Rg7 $11) 26. Rg3+ Kh7 27. Qf6 Rg8 28. Rxg8 Kxg8 29. Re8+ $18 {Karpov
}) 24. Rxe7 $16 Nxe7 25. Bd3 (25. Rb1 Qd2) 25... Nf5 $2 (25... Re8 $2 26. Re1
Qd2 27. Re3 Qxa2 28. Rf3 d4 29. c4 $18) (25... Qa3 26. Re1 Kf8 (26... Nc6 $142
{RR} 27. Bxg6 Qf8 28. Bc2 $16) 27. Rxe7 Qxe7 28. Qh8# {#}) (25... Kf8 26. Rb1
Qd2 27. Rxb7 Qe1+ 28. Bf1 Qe6 29. Qh8+ Ng8 30. Qd4 $16) 26. Bxf5 $18 gxf5 27.
Re1 Qxa2 28. Qxh6 $1 {Karpov} (28. Re3 f4 29. Qxf4 Qb1+ 30. Kh2 a3 31. Rg3+ Qg6
) 28... a3 29. Qg5+ Kf8 30. Qf6 Kg8 31. Qxf5 Qd2 32. Re7 $1 {Karpov} Rf8 33.
Qg4+ Kh7 34. Re5 Qh6 35. Rh5 Ra8 36. Qf5+ $1 {Karpov} Kg7 37. Rxh6 Kxh6 38.
Qf6+ Kh7 39. Qxf7+ Kh8 40. Qxb7 1-0

[Event "Goodricke op 07th"]
[Site "Kolkata"]
[Date "1996.??.??"]
[Round "9"]
[White "Barua, Dibyendu"]
[Black "Dolmatov, Sergey"]
[Result "0-1"]
[WhiteElo "2520"]
[BlackElo "2610"]
[Annotator "Dolmatov,S"]
[PlyCount "116"]
[EventDate "1996.02.??"]
[EventType "swiss"]
[EventRounds "11"]
[EventCountry "IND"]
[SourceTitle "CBM 050 Extra"]
[Source "ChessBase"]
[SourceDate "1996.03.01"]
[SourceVersion "1"]
[SourceVersionDate "1996.03.01"]
[SourceQuality "1"]

1. e4 e6 2. d4 d5 3. Nd2 c5 4. exd5 exd5 5. Bb5+ Bd7 6. Qe2+ Be7 7. dxc5 Nf6 8.
Nb3 O-O 9. Be3 Re8 10. O-O-O (10. Nf3 a6 11. Bd3 a5 $6 12. a4 $16) 10... a6 11.
Bxd7 Nbxd7 12. Qd3 Qc7 13. Ne2 Nxc5 14. Nxc5 Bxc5 15. Bxc5 Qxc5 16. Nd4 Re5 17.
f3 (17. Rhe1 $6 Rxe1 18. Rxe1 Qa5 19. Re7 Qxa2 $17) 17... Rae8 18. a3 Qc7 19.
Kb1 g6 20. Qd2 Re3 21. g3 Qe5 22. Qb4 Re7 23. Qb6 (23. Rd2 $5 h5 $5 (23... Re1+
24. Rd1 Rxh1 25. Rxh1) 24. Rhd1 h4 $15) 23... Kg7 (23... h5 $2 24. f4 $18) 24.
g4 $2 h5 25. h3 h4 $17 26. Rhg1 Nh7 27. Qb4 Kg8 (27... Ng5 $2 28. f4 Qxf4 29.
Nf5+ $18) 28. Rdf1 Qf4 29. Qc5 (29. Nc6 Qxb4 30. Nxb4 Rd7 31. g5 d4 32. Rg4 a5
33. Nd3 Rd5 $17) (29. Nf5 $2 Qxb4 30. Nxe7+ Qxe7 $19) 29... R3e5 30. c3 Ng5 31.
Rh1 Re8 32. Ka2 Ne6 $1 33. Nxe6 R8xe6 34. Qc8+ Kg7 35. Qxb7 Qc4+ (35... d4 $2
36. Qb4 Rb5 37. Qxd4+ Qxd4 38. cxd4 Re2 39. Rb1 $10) 36. Ka1 d4 37. Qb4 Qxb4
38. cxb4 (38. axb4 dxc3 39. bxc3 Re2 40. Rc1 R6e3 41. Rhf1 Kf6 $17) 38... Re3
39. Rh2 Kf6 40. Ka2 $6 (40. f4 R6e4 (40... Re1+ $2 41. Rxe1 Rxe1+ 42. Ka2 Rf1
43. Kb3 $10) 41. Ka2 Ke6 $17) 40... Ke5 41. f4+ Ke4 $19 42. f5 Rd6 43. fxg6
fxg6 44. Rd1 d3 45. Kb3 Rc6 (45... Re2 $4 46. Rxe2+ dxe2 47. Rxd6 Ke5 48. Rd8
$18) 46. a4 (46. Rhd2 Rxh3 $19) 46... Re2 47. Rhh1 d2 (47... Rcc2 $2 48. Rb1)
48. b5 axb5 49. axb5 Rc8 (49... Re3+ 50. Ka2 Rc2 51. Rh2 $132) 50. Rhf1 Re3+ (
50... Kd3 $2 51. Rf3+ Re3 52. Rf2) 51. Kb4 Kd3 52. Rf2 (52. b6 Ke2 53. Kb5 Rb3+
$19) 52... Re2 53. Rf6 (53. Rf3+ Kc2 54. Rc3+ Rxc3 55. Rxd2+ Rxd2 56. bxc3 Kd3
57. c4 Kd4 $19) 53... Kc2 54. Rc6+ Rxc6 55. Rxd2+ Rxd2 56. bxc6 Kxb2 57. Kc5
Rc2+ 58. Kd6 Kc3 0-1

[Event "Haifa"]
[Site "Haifa"]
[Date "1995.??.??"]
[Round "2"]
[White "Svidler, Peter"]
[Black "Dolmatov, Sergey"]
[Result "0-1"]
[WhiteElo "2585"]
[BlackElo "2605"]
[Annotator "Dolmatov,S"]
[PlyCount "50"]
[EventDate "1995.01.??"]
[EventType "tourn"]
[EventRounds "11"]
[EventCountry "ISR"]
[EventCategory "14"]
[SourceTitle "CBM 046"]
[Source "ChessBase"]
[SourceDate "1995.06.01"]
[SourceVersion "1"]
[SourceVersionDate "1995.06.01"]
[SourceQuality "1"]

1. e4 e6 2. d4 d5 3. Nd2 c5 4. exd5 exd5 5. Ngf3 Nc6 6. Bb5 cxd4 7. Qe2+ Qe7 8.
Ne5 $6 (8. Nxd4 Qxe2+ 9. Kxe2 $14 {Huebner,R-Korchnoi,V/Merano/1980/ Inf 30/
221/}) 8... Bd7 9. Bxc6 bxc6 10. O-O Kd8 $1 $8 (10... f6 $2 11. Qh5+ g6 12.
Nxg6 $16) 11. Nb3 f6 12. Bg5 (12. f4 $5 $13 {Anand}) 12... fxg5 13. Na5 Qe8 $1
{Ivanchuk,V-Dolmatov,S/Manila(izt)/1990/} 14. Rfe1 Kc7 $17 (14... Bb4 $6 15.
Qa6 Bxe1 16. Rxe1 $40) 15. Qf3 Bb4 (15... Nf6 16. Nexc6 Qh5 17. Qb3 Bxc6 18.
Nxc6 Bd6) 16. Qg3 $8 Bd6 17. c4 Nf6 18. Naxc6 $6 (18. c5 $8 Bxe5 19. Rxe5 Nh5
20. Rxe8+ (20. Qxg5 h6 21. Qxh5 Qxh5 22. Rxh5 g5 $19) 20... Nxg3 21. Rxh8 Rxh8
22. hxg3 Rb8 23. Nb3 a5 $17) 18... Ne4 19. Rxe4 dxe4 20. c5 Bxe5 21. Nxe5 Kc8
$6 22. Nc4 $6 (22. c6 $8 Be6 23. Qa3 a5 $17) 22... Qe7 23. Nd6+ Kd8 $19 24. Qb3
Bc6 25. Qc4 Qf6 0-1